000 00755nam a22002297a 4500
005 20210325185518.0
008 s2002 eng d
020 _a0477037666
041 _aeng
050 _aR AY580.U5 U54 2002
110 0 _aNew Zealand. The Ministry of Foreign Affairs and Trade
245 1 0 _aUnited Nations handbook 2002
260 3 _aWellington :
_bThe Ministry of Foreign Affairs and Trade,
_c2002
300 _a384 p. :
_b tables ;
_c 24 cm.
610 _aNew Zealand. The Ministry of Foreign Affairs and Trade
650 0 4 _aUnited Nations -- Handbook -- 2002
650 0 4 _aUnited Nations -- Handbook -- 2002
850 _aNALT
942 _cREF
997 _c000000000023157
998 _aBENJALUCK SUTTHIWILAI
999 _c23157
_d23157